Galéria moderného umenia

Enregistré dans:
Détails bibliographiques
Auteur principal: Naddourová, Nora (Auteur)
Autres auteurs: Mellner, Dušan (Directeur de thèse)
Format: Manuscrit Livre
Langue:slovaque
Publié: 2017
Sujets:
Accès en ligne:http://is.stuba.sk/zp/portal_zp.pl?podrobnosti=100296
https://opac.crzp.sk/?fn=detailBiblioForm&sid=3D579E6F99510E20DAB944D0A384
Tags: Ajouter un tag
Pas de tags, Soyez le premier à ajouter un tag!

MARC

LEADER 00000ntm a22000003a 4500
001 stuzp62430
003 SK-STU
005 20230608134130.9
007 ta
008 150427s2015----xo-----f-mn---000-0-slo-d
040 |a STU  |b slo 
041 0 |a slo 
100 1 |a Naddourová, Nora  |u 010310  |4 aut  |U SvF Stavebná fakulta  |T SvF Katedra architektúry  |X 56690  |U V181|V310  |Y 19  |7 56690 
242 0 1 |a The Moravian gallery in Brno  |y eng 
245 1 0 |a Galéria moderného umenia 
260 |c 2017 
650 4 |a Galéria moderného umenia  |2 slo 
650 4 |a Brno  |2 slo 
650 4 |a Roosveltova ulica  |2 slo 
650 4 |a Ytong  |2 slo 
650 4 |a Gallery of modern art  |2 eng 
650 4 |a Brno  |2 eng 
650 4 |a Roosvelt street  |2 eng 
700 1 |a Mellner, Dušan  |u 010310  |k Z1  |4 ths  |U SvF Stavebná fakulta  |T SvF Katedra architektúry  |X 5310  |U V181|V310  |Y 19  |7 5310 
856 4 |u http://is.stuba.sk/zp/portal_zp.pl?podrobnosti=100296 
856 4 |u https://opac.crzp.sk/?fn=detailBiblioForm&sid=3D579E6F99510E20DAB944D0A384